Top 300 Girls' Names of 2014 (Spellings Combined) Quiz Stats

 Plays Quiz not verified by Sporcle

Challenge
Share
Tweet
Score 0/300 Timer 20:00
0 Plays Today
Rank Name % Correct
6Emily
97.4%
2Olivia
96.9%
3Emma
96.7%
191Allie
96.7%
42Anna
96.5%
1Sophia
95.4%
56Isabelle
95.4%
105Julia
95.4%
195Jessica
94.4%
49Sarah
94%
36Grace
93.9%
37Hannah
93.4%
137Maria
93.4%
4Isabella
93.2%
20Elizabeth
92.9%
5Ava
92.7%
8Zoey
92.7%
22Lily
92.7%
220Jennifer
92.7%
10Madison
92.5%
34Victoria
92.5%
48Katherine
92.5%
13Chloe
92.4%
185Eliza
92.4%
27Natalie
92.1%
19Charlotte
91.4%
38Lillian
91.4%
101Lauren
91.4%
145Mary
91.2%
29Ella
91.1%
85Alexa
91.1%
107Sophie
90.9%
117Alexandra
90.9%
32Allison
90.7%
31Hailey
90.6%
165Rachel
90.6%
108Ashley
90.4%
206Rose
90.4%
11Abigail
90.2%
21Evelyn
90.2%
16Amelia
89.9%
7Mia
89.7%
58Samantha
89.7%
147Rebecca
89.6%
35Aria
89.4%
103Eva
89.4%
50Gabriella
89.1%
=Madelyn
88.9%
154Nicole
88.9%
46Kylie
88.7%
79Alyssa
88.7%
66Brianna
88.6%
239Katie
88.6%
28Addison
88.4%
95Kayla
88.4%
272Angel
88.4%
14Ariana
88.1%
187Gabrielle
88.1%
102Faith
87.9%
215Kate
87.9%
260Danielle
87.7%
9Aubrey
87.4%
78Lucy
87.4%
86Alexis
87.4%
51Kaitlyn
87.3%
225Melissa
87.3%
153Amy
87.1%
57Audrey
86.9%
82Caroline
86.9%
214Christina
86.9%
45Leah
86.8%
30Kaylee
86.6%
186Vanessa
86.6%
144Jade
86.4%
158Brooke
86.3%
73Ellie
86.1%
198Michelle
85.6%
296Amanda
85.6%
106Ruby
85.4%
202Angela
85.4%
218Alexandria
85.4%
116Natalia
85.3%
33Mackenzie
84.9%
39Maya
84.9%
62Claire
84.9%
213Stephanie
84.9%
18Riley
84.8%
68Jasmine
84.8%
25Brooklyn
84.4%
129Molly
84.4%
175Angelina
84.4%
131Kimberly
84.3%
262Jenna
84.3%
47Nora
84.1%
97Taylor
83.6%
184Margaret
83.6%
=Megan
83.4%
40Elena
83.1%
124Alice
83.1%
231Hope
83.1%
Rank Name % Correct
77Melanie
82.9%
=Daniela
82.9%
71Juliana
82.8%
17Avery
82.6%
92Bella
82.6%
126Morgan
82.6%
291Amber
82.5%
64Makayla
82.1%
133Clara
82%
88Jordyn
81.8%
121Adriana
81.8%
163Destiny
81.5%
199Diana
81.3%
148Andrea
81.1%
53Savannah
81%
81Violet
80.8%
252Alicia
80.5%
177Valerie
80%
15Layla
79.6%
23Harper
79.6%
26Aaliyah
79.5%
114Cora
79.3%
150Juliette
79.1%
179Gracie
79.1%
284Nina
78.8%
72Bailey
78%
99Eleanor
78%
59Lyla
77.8%
74Vivian
77.8%
93Autumn
77.8%
52Annabelle
77.6%
172Jada
77.3%
196Daisy
77.3%
41Peyton
76.7%
87Stella
76.3%
164Ivy
76.3%
157Paige
76.2%
266Alexia
76%
110Carly
75.7%
269Chelsea
75.7%
211Esther
75.5%
261Abby
75.5%
69Penelope
75.3%
190Jacqueline
75.2%
156Elise
74.8%
149Quinn
74.3%
166Josephine
74.2%
84Keira
73.8%
276Kara
73.8%
100Naomi
73.7%
176Ashlyn
73.7%
54Liliana
73.3%
112Ariel
73.3%
197Summer
73.3%
243Iris
73.2%
83Serenity
73%
96Jocelyn
73%
70Sadie
72.7%
98Lydia
72.7%
238Maggie
72.7%
135Trinity
72.5%
235Lola
72.4%
44Scarlett
72%
140Alana
71.7%
115Kendall
71.5%
67Kennedy
71%
178Melody
70.9%
189Valeria
70.9%
212Fiona
70.5%
128Mariah
70.4%
241Georgia
70.4%
43Camila
70.2%
160Willow
70%
275Olive
69.4%
180Cassidy
69.2%
=Sienna
69.2%
250Josie
69.2%
138Mckenna
68.9%
161Isla
68.7%
259Kelsey
68.7%
111Gianna
68%
63Mila
67.9%
80Genesis
67.9%
60London
67.7%
223Camille
67.4%
237Miranda
67.4%
91Piper
67.2%
76Nevaeh
67.1%
122Sydney
67.1%
=Ruth
66.9%
65Callie
66.7%
293Annie
66.2%
=Leslie
65.6%
61Paisley
64.6%
256Skye
64.4%
142Brielle
64.2%
168Kamryn
64.1%
89Reagan
63.1%
55Skylar
62.9%
230Lucia
62.6%
Rank Name % Correct
130Delilah
62.4%
118Maci
62.1%
132Hazel
61.9%
171Cecilia
61.9%
254Kendra
61.6%
90Charlie
61.4%
139Aurora
61.4%
278Elsa
61.4%
193Annabella
60.8%
219Brynn
60.8%
75Eliana
60.6%
174Eden
60.6%
285Phoebe
59.6%
208Hayden
59.4%
271Kyla
59.4%
203Lena
59.3%
162Luna
59.1%
221Tessa
59.1%
192Lexi
58.1%
283Shelby
58.1%
146Emerson
57.9%
151Jayla
57.8%
216Genevieve
57.8%
233Selena
57.8%
120Kaydence
57.1%
263Paris
57%
24Adalynn
56.3%
280Nadia
56.1%
104Hadley
56%
125Alina
56%
183Harmony
55.5%
246Cheyenne
55%
141Emery
54.8%
229Harley
54.8%
134Marley
54.3%
201Kenzie
54.3%
94Amaya
53.5%
173Giselle
53.3%
205Adeline
53.1%
119Kailyn
52.6%
188Arabella
52%
273Evangeline
51.5%
226Noelle
51.3%
242Mariana
51.2%
295Carmen
50.8%
240Anastasia
49.8%
109Kinley
49.7%
=Teagan
49%
113Kinsley
48.8%
136Valentina
48.7%
210Gemma
48.5%
169Reese
48%
181Presley
47.4%
277Dakota
47%
232Parker
46.7%
299Adelaide
46.7%
200Talia
46.4%
274Ayla
46.2%
234Delaney
45.9%
182Jaelynn
45.7%
287Eloise
45.2%
123Ximena
44.7%
207Athena
44.7%
286Alessandra
44.7%
127Aniyah
44.5%
=Malia
44.5%
143Brynlee
43.7%
300June
43.7%
290Miriam
42.7%
=Zara
42.1%
289Liana
40.4%
167Journey
39.7%
267Lyric
39.4%
=Brylee
39.2%
292Rosalie
39.2%
222Gracelyn
39.1%
170Raelynn
38.2%
224Finley
38.1%
281Anika
37.6%
155Everly
37.4%
253Aileen
37.3%
204Leilani
35.9%
248Kaia
34.9%
270Amira
33.1%
258Braelyn
31.5%
=Emmalyn
31.5%
=Sage
30.5%
194Nyla
29.8%
236Jazlyn
29.6%
288Daphne
26.7%
=Sloane
25.5%
249Reyna
25.3%
279Nova
25.3%
227Annalise
25.2%
257Zariah
22.2%
265Aiyana
22.2%
282Jayleen
21.2%
245Imani
20.5%
228Daleyza
18.5%
264Catalina
18.4%

You're not logged in!

Compare scores with friends on all Sporcle quizzes.
Join for Free
OR
Log In

You Might Also Like...

Show Comments

Extras

Created May 9, 2015SourceReportNominate
Tags:Baby Names Quiz

Top Quizzes Today


Score Distribution

Your Account Isn't Verified!

In order to create a playlist on Sporcle, you need to verify the email address you used during registration. Go to your Sporcle Settings to finish the process.

Report this User

Report this user for behavior that violates our Community Guidelines.

Details: